Responses for show #4062 - Tuesday, April 9, 2002

Contestants

Aaron Yeater, a graduate student from New Haven, Connecticut

Umiko Post, a stay-at-home mom from Peoria, Illinois

Andy Seff, a law student from Baltimore, Maryland (whose 1-day cash winnings total $13,000)

Jeopardy! Round responses

OFFICIAL STATE FOODS
HOBBIES
CLASSIC FILMS IN OTHER WORDS
I FEEL LIKE DANCIN'!
USURPED IDEAS OF 3rd PARTIES
ENDS IN "TRY"
    $200 26
(Umiko: What are baked beans?)

chili

UmikoAaron
    $200 21
ham radio

Aaron
    $200 11
Gandhi

Aaron
    $200 16
(Umiko: What are taps?)

bells

Umiko
Triple Stumper
    $200 6
income taxes

Aaron
    $200 1
sentry

Aaron
    $400 27
peaches

Umiko
    $400 22
matchbooks

Umiko
    $400 12
Around the World in 80 Days

Andy
    $400 17
tap dancing

Aaron
    $400 7
senators

Aaron
    $400 2
poultry

Andy
    $600 28
[The end-of-round signal sounds.]

a cherry

Andy
    $600 23
(Aaron: What are albums?)
...
(Alex: We have a minute to go, Umiko.)

scrapbooks

UmikoAaron
    $600 13
Gone with the Wind

Umiko
    $600 18
Africa

Aaron
    $600 8
(Umiko: What is the Young American?)

the American Independent Party

Umiko
Triple Stumper
    $600 3
pantry

Aaron
    $1,000 24
(Umiko: What are hand puppets?)

shadow puppetry

Umiko
    $800 14
Casablanca

Umiko
    $800 19
Disney World

Aaron
    $800 9
women's suffrage

Aaron
    $800 4
Gantry

Andy
    $1000 25
Chicago, Illinois

Triple Stumper
    $1000 15
The Sound of Music

Umiko
    $1000 20
(Alex: [Imitating lawrence Welk] Homina, homina, dat would be da [*]. Aaron, back to you-a.)

polka

Triple Stumper
    $1000 10
(Aaron: Uh, what is... um... ab--oh, shoo.)

Prohibition

Aaron
Triple Stumper
    $1000 5
sultry

Aaron

Scores at the first commercial break (after clue 15):

Andy Umiko Aaron
$1,600 $1,800 $2,400

Scores at the end of the Jeopardy! Round:

Andy Umiko Aaron
$2,200 $1,800 $4,000

Double Jeopardy! Round responses

WHAT A COUNTRY!
SINGERS' AUTOBIOGRAPHIES
SHAKESPEARE PLAYS
(Alex: We'll give you a quote, you identify the play.)
SELF-PROMOTION
ELECTRICITY
ON OFF
(Alex: Tricky category, but I think you'll like it.)
    $400 6
Brazil

Aaron
    $400 1
Michael Jackson

Andy
    $400 9
Othello

Andy
    $400 20
(Donald) Trump

Andy
    $400 15
volt

Umiko
    $400 26
drag (from dragon)

Aaron
    $800 7
New Zealand

Aaron
    $800 2
(Aaron: Who is Will Smith?)

Johnny Cash

UmikoAaron
    $800 10
Hamlet

Aaron
    $800 21
Little Richard

Andy
    $800 16
conductors

Umiko
    $800 27
less (from lesson)

Umiko
    $1200 8
Spain

Andy
    $1200 3
Snoop Doggy Dog

Andy
    $1,000 11
Henry V

Aaron
    $1200 22
Nero

Umiko
    $1200 17
ampere

Umiko
    $1200 28
a cap (from capon)

Umiko
    $1600 12
China

Andy
    $1600 4
Gene Simmons

Umiko
    $1600 13
(Umiko: What is A Midsummer's Night Dream?)

The Tempest

Umiko
Triple Stumper
    $1600 23
Reggie Jackson

Umiko
    $1600 18
magnetism

Triple Stumper
    $1600 29
a mutt (from mutton)

Andy
    $2000 25
(Alex: Minute to go, now, Aaron.)

Italy

Triple Stumper
    $2000 5
Barry White

Umiko
    $2000 14
Twelfth Night

Andy
    $2000 24
Julian Schnabel

Aaron
    $2000 19
the Leyden jar

Triple Stumper
    $1,200 30
a surge (from surgeon)

Andy

Scores at the end of the Double Jeopardy! Round:

Andy Umiko Aaron
$13,000 $11,800 $8,600

[wagering suggestions for these scores]

Final Jeopardy! Round responses

QUEENS
(Alex: [To Aaron] I don't think he had an Eleanor. You're thinking of Eleanor of Aquitaine?)
(Aaron: Mm.)
(Alex: No, that's much earlier.)
AaronWho are Catherine of Aragon and Eleanor o
$100
UmikoWho are Anne of Cleaves and Anne Boleyn???
$0
AndyWho is Anne Boleyn and Marry Q_ of Scots
$10,601
Anne of Cleves & Catherine of Aragon

Final scores:

Andy Umiko Aaron
$2,399 $11,800 $8,500
3rd place: a trip for 2 to Miami from Yahoo! Travel New champion: $11,800 2nd place: a trip to for 2 Cairns, Australia with 6 nights at the Courtyard Barrier Reef Resort at Palm Cove from Collette Vacations

Game dynamics:

Coryat scores:

Andy Umiko Aaron
$13,800 $12,800 $8,800
14 R
(including 1 DD),
0 W
16 R,
5 W
(including 1 DD)
18 R
(including 1 DD),
3 W

Combined Coryat: $35,400

The J! Archive is created by fans, for fans. The Jeopardy! game show and all elements thereof, including but not limited to copyright and trademark thereto, are the property of Jeopardy Productions, Inc. and are protected under law. This website is not affiliated with, sponsored by, or operated by Jeopardy Productions, Inc. Join the discussion at JBoard.tv.